El buscón : marzo-abril 1984 /
Publicación periódica en que se revisan temas sociales y políticos, tanto desde una perspectiva teórica como analítica, de asuntos coyunturales y de relevancia para la vida política de México. Contenido: De Vasconcelos (Ilán Semo); Monterreich hoy (Abraham Nuncio); ¿Es la dominación del PRI un fenóm...
Tallennettuna:
| Muut tekijät: | |
|---|---|
| Aineistotyyppi: | Kirja |
| Kieli: | espanja |
| Aiheet: | |
| Tagit: |
Ei tageja, Lisää ensimmäinen tagi!
|
MARC
| LEADER | 00000nam^a2200000^a^4500 | ||
|---|---|---|---|
| 001 | 000181901 | ||
| 005 | 20250521000000.0 | ||
| 009 | 20260310101950.162 | ||
| 037 | |a Acervo ITESO - Biblioteca | ||
| 041 | |a ESP | ||
| 082 | |a 300. 5 |b BUS 1984 V. 9 | ||
| 240 | 1 | 4 | |a [El buscón] |
| 245 | 0 | 3 | |a El buscón : |b marzo-abril 1984 / |c Dir. de I. Semo. |
| 264 | |a México : |b Letrofilia, |c 1984 | ||
| 300 | |a 191 p. | ||
| 336 | |a texto |b txt |2 rdacontenido | ||
| 337 | |a sin mediación |b n |2 rdamedio | ||
| 338 | |a volumen |b nc |2 rdasoporte | ||
| 520 | |a Publicación periódica en que se revisan temas sociales y políticos, tanto desde una perspectiva teórica como analítica, de asuntos coyunturales y de relevancia para la vida política de México. Contenido: De Vasconcelos (Ilán Semo); Monterreich hoy (Abraham Nuncio); ¿Es la dominación del PRI un fenómeno coyuntural? (Alberto Aziz Nassif); Cinco poemas bajacalifornianos (José Javier Villarreal); La escalera anaranjada (Jaime Moreno Villarreal); Arde Chile (Cynthia Brown); Epistemología de las Galápagos (Rafael Serrano); Manuscrito hallado en San Luis Potosí (Tomás Calvillo); Como un pretexto (Domingo Antonio y Moraleja); No todos los hombres son románticos, de Héctor Manjarrez (Eduardo Vázquez Martín); Ideología educativa de la Revolución Mexicana, de Gabriela Lechuga (Dolores Groman). | ||
| 649 | |a XX | ||
| 650 | |a Ministros de Estado Mexicanos | ||
| 650 | |a Políticos Mexicanos | ||
| 650 | |a Escritores Mexicanos | ||
| 650 | |a Arquitectos Ingleses | ||
| 650 | |a Artistas Ingleses | ||
| 650 | |a Industriales - |z Monterrey, Nuevo León | ||
| 650 | |a Partido Acción Nacional - |z Chihuahua - |x Historia - |y 1982-1988 | ||
| 650 | |a Partidos Políticos - |z México - |x Historia - |y 1982-1988 | ||
| 650 | |a Elecciones - |z Chihuahua - |x Historia - |y 1982-1988 | ||
| 650 | |a Elecciones - |z San Luis Potosí - |x Historia - |y 1982-1988 | ||
| 650 | |a Proceso Político - |z Chihuahua - |x Historia - |y 1982-1988 | ||
| 650 | |a Proceso Político - |z San Luis Potosí - |x Historia - |y 1982-1988 | ||
| 650 | |a Sistema Electoral - |z Chihuahua - |x Historia - |y 1982-1988 | ||
| 650 | |a Sistema Electoral - |z San Luis Potosí - |x Historia - |y 1982-1988 | ||
| 650 | |a Resistencia Civil - |z San Luis Potosí - |x Historia - |y 1982-1988 | ||
| 650 | |a Oposición Política - |z Chile - |x Historia - |y 1980-1989 | ||
| 650 | |a Movimientos Políticos - |z Chile - |x Historia - |y 1980-1989 | ||
| 650 | |a Movimientos Sociales - |z Chile - |x Historia - |y 1980-1989 | ||
| 650 | |a Educación - |z México - |x Historia - |y 1910-1946 | ||
| 650 | |a Industria - |z Monterrey, Nuevo León - |x Historia - |y 1976-1982 | ||
| 650 | |a Industrialización - |z México - |x Historia - |y 1976-1982 | ||
| 650 | |a Desarrollo Económico-Social - |z México - |x Historia - |y 1976-1982 | ||
| 650 | |a Política Económica - |z México - |x Historia - |y 1976-1982 | ||
| 650 | |a Política - |z Chihuahua - |x Historia - |y 1982-1988 | ||
| 650 | |a Política - |z San Luis Potosí - |x Historia - |y 1982-1988 | ||
| 650 | |a Política - |z México - |x Historia - |y 1910-1946 | ||
| 650 | |a Política - |z México - |x Historia - |y 1982-1988 | ||
| 650 | |a Política - |z Chile - |x Historia - |y 1980-1989 | ||
| 650 | |a Política - |z Chile - |x Historia - |y 1973-1990 | ||
| 650 | |a Poesía Mexicana | ||
| 650 | |a Literatura Mexicana - |y Siglo XX | ||
| 650 | |a Castillos - |z Xilitla, San Luis Potosí | ||
| 650 | |a Arquitectura Mexicana - |z Xilitla, San Luis Potosí | ||
| 650 | |a Arquitectura Mexicana - |y Siglo XX | ||
| 650 | |a Arquitectura Mexicana - |x Historia y Crítica | ||
| 650 | |a Arte Mexicano - |z Xilitla, San Luis Potosí | ||
| 650 | |a Arte Mexicano - |y Siglo XX | ||
| 650 | |a Arte Mexicano - |x Historia y Crítica | ||
| 650 | |a Libros - |x Reseñas | ||
| 650 | |a Fauna - |z Islas Galápagos, Ecuador | ||
| 650 | |a Botánica - |z Islas Galápagos, Ecuador | ||
| 650 | |a Islas Galápagos, Ecuador - |x Historia | ||
| 650 | |a Islas Galápagos, Ecuador - |x Descripción | ||
| 650 | |a Vasconcelos, José | ||
| 650 | |a James, Edward | ||
| 650 | |a Nava, Salvador | ||
| 650 | |a Política - |x Publicaciones Periódicas Mexicanas | ||
| 650 | |a Ciencias Sociales - |x Publicaciones Periódicas Mexicanas | ||
| 650 | |a Publicaciones Periódicas Mexicanas | ||
| 700 | |a Semo, Ilán |e (dirección) | ||
| 910 | |a Fondo General | ||
| 920 | |a Impresos - Libros | ||
| 930 | |a Colección General | ||
| 905 | |a 101 | ||
| 901 | |a 0500121659 |b IT1 |c ACC |u 20250521 | ||
| 902 | |a https://opac.biblio.iteso.mx/vufind/Record/000181901 | ||